LEADER 01171cas--2200409---450- 001 990001026890203316 005 20150122082311.0 011 $a1722-5426 035 $a0102689 035 $aUSA010102689 035 $a(ALEPH)000102689USA01 035 $a0102689 100 $a20020312d--------km-y0itay0103----ba 101 $aita 102 $aIT 110 $aafa-------- 200 1 $aComoedia 207 $a1919-1950 210 $aMilano$cMondadori 215 $avolumi$d31 cm 300 $aDal 1928 compl. del tit: Rassegna mensile del teatro 326 $aMensile 606 0 $aTeatro$xPeriodici 676 $a792 801 0$aIT$bsalbc$gISBD 912 $a990001026890203316 958 $aFA$bFA Per. 4 (Direzione)$c7(1925);9(1927)-11(1929); 959 $aSE 979 $aPATTY$b90$c20020312$lUSA01$h1017 979 $c20020403$lUSA01$h1743 979 $aPATRY$b90$c20040406$lUSA01$h1711 979 $aVITTORIANA$b90$c20120118$lUSA01$h1427 979 $aVITTORIANA$b90$c20150121$lUSA01$h1418 979 $aVITTORIANA$b90$c20150122$lUSA01$h0822 979 $aVITTORIANA$b90$c20150122$lUSA01$h0823 996 $aComoedia$9888201 997 $aUNISA LEADER 02927nam 2200721 a 450 001 9910457854403321 005 20200520144314.0 010 $a0-8156-5133-3 035 $a(CKB)2550000000051393 035 $a(OCoLC)762258011 035 $a(CaPaEBR)ebrary10493599 035 $a(SSID)ssj0000533917 035 $a(PQKBManifestationID)11324479 035 $a(PQKBTitleCode)TC0000533917 035 $a(PQKBWorkID)10493680 035 $a(PQKB)11359534 035 $a(MiAaPQ)EBC3410034 035 $a(MdBmJHUP)muse3596 035 $a(Au-PeEL)EBL3410034 035 $a(CaPaEBR)ebr10493599 035 $a(CaONFJC)MIL946827 035 $a(EXLCZ)992550000000051393 100 $a20100702d2010 uy 0 101 0 $aeng 135 $aurcn||||||||| 181 $ctxt 182 $cc 183 $acr 200 10$aAmerica in the sixties$b[electronic resource] /$fJohn Robert Greene 205 $a1st ed. 210 $aSyracuse, N.Y. $cSyracuse University Press$d2010 215 $a1 online resource (219 p.) 225 1 $aAmerica in the twentieth century 300 $aBibliographic Level Mode of Issuance: Monograph 311 $a0-8156-3221-5 311 $a0-8156-3276-2 320 $aIncludes bibliographical references and index. 327 $aComfort and crisis : the 1950s -- "The torch has been passed to a new generation" : the myths of John F. Kennedy -- "We shall overcome" : civil rights in the South, 1960-1965 -- "We'll have the opportunity to move upward" : the Great Society of Lyndon B. Johnson -- "As American as cherry pie" : civil rights, 1965-1969 -- "Bodies upon the gears" : the new left and the new feminism -- "Waist deep in the big muddy" : Vietnam, 1960-1967 -- "What it is ain't exactly clear" : sixties culture, straight and counter -- The limits of power : to reform the sixties. 410 0$aAmerica in the twentieth century. 606 $aSocial movements$zUnited States$xHistory$y20th century 606 $aCivil rights movements$zUnited States$xHistory$y20th century 606 $aFeminism$zUnited States$xHistory$y20th century 606 $aVietnam War, 1961-1975$xSocial aspects$zUnited States 606 $aCounterculture$zUnited States$xHistory$y20th century 606 $aNineteen sixties 607 $aUnited States$xHistory$y1961-1969 607 $aUnited States$xSocial conditions$y1960-1980 608 $aElectronic books. 615 0$aSocial movements$xHistory 615 0$aCivil rights movements$xHistory 615 0$aFeminism$xHistory 615 0$aVietnam War, 1961-1975$xSocial aspects 615 0$aCounterculture$xHistory 615 0$aNineteen sixties. 676 $a973.92 700 $aGreene$b John Robert$f1955-$0891700 801 0$bMiAaPQ 801 1$bMiAaPQ 801 2$bMiAaPQ 906 $aBOOK 912 $a9910457854403321 996 $aAmerica in the sixties$91991531 997 $aUNINA LEADER 01933nas 2200577-a 450 001 996211813203316 005 20160225152710.0 011 $a1509-5762 035 $a(DE-599)ZDB1478965-6 035 $a(OCoLC)43564036 035 $a(CKB)954933110371 035 $a(CONSER)---00243074- 035 $a(EXLCZ)99954933110371 100 $a19981016b19971998 --- - 101 0 $aeng 181 $ctxt$2rdacontent 182 $cn$2rdamedia 200 00$aAnnals of diagnostic paediatric pathology $eofficial journal of the Polish Paediatric Pathology Society 210 $a[Warsaw, Poland] $cPolish Paediatric Pathology Society$dİ1996-[1998] 300 $aRefereed/Peer-reviewed 300 $aTitle from cover. 300 $aPublished: Springer PWN, Ltd., fall 1997-1998. 311 $a1427-4426 531 0 $aAnn. Diagn. Paediatr. Pathol. 606 $aPediatric pathology$vPeriodicals 606 $aChildren$xDiseases$xDiagnosis$vPeriodicals 606 $aPathology, Clinical$xmethods 606 $aDiagnostic Techniques and Procedures 606 $aChildren$xDiseases$xDiagnosis$2fast$3(OCoLC)fst00854912 606 $aPediatric pathology$2fast$3(OCoLC)fst01056471 606 $aPathologie$2swd 606 $aKind$2swd 606 $aZeitschrift$2swd 606 $aKrankheit$2swd 608 $aPeriodicals. 608 $aPeriodicals.$2fast 615 0$aPediatric pathology 615 0$aChildren$xDiseases$xDiagnosis 615 12$aPathology, Clinical$xmethods. 615 22$aDiagnostic Techniques and Procedures. 615 7$aChildren$xDiseases$xDiagnosis. 615 7$aPediatric pathology. 615 07$aPathologie. 615 07$aKind. 615 07$aZeitschrift. 615 07$aKrankheit. 712 02$aPolskie Towarzystwo Patologii Dzieci?cej. 906 $aJOURNAL 912 $a996211813203316 996 $aAnnals of diagnostic paediatric pathology$91966786 997 $aUNISA